Statistics for Capitals of Countries that Begin with N

Click here to take the quiz!

General Stats

  • This quiz has been taken 63 times
  • The average score is 9 of 11

Answer Stats

HintAnswer% Correct
NetherlandsAmsterdam
100%
NorwayOslo
100%
New ZealandWellington
98%
North KoreaPyongyang
92%
NepalKathmandu
90%
NamibiaWindhoek
85%
NigeriaAbuja
83%
North MacedoniaSkopje
83%
NicaraguaManagua
77%
NigerNiamey
67%
NauruYaren
50%

Score Distribution

Percentile by Number Answered

Percent of People with Each Score

Your Score History

You have not taken this quiz